[Event "Fredericia Foraar B"]
[Site "Fredericia"]
[Date "2012.06.04"]
[Round "5"]
[White "Paulsen, Hans Norgaard"]
[Black "Jensen, Henning Brogger"]
[Result "1/2-1/2"]
[WhiteElo "1744"]
[BlackElo "1816"]
[PlyCount "131"]
[EventDate "2012.04.30"]
[EventType "tourn"]
[EventRounds "5"]
[EventCountry "DEN"]
[SourceTitle "EXT 2023"]
[Source "ChessBase"]
[SourceDate "2022.10.05"]
[SourceVersion "1"]
[SourceVersionDate "2022.10.05"]
[SourceQuality "1"]

1. e4 d6 2. Nf3 Nf6 3. Nc3 g6 4. d4 Bg7 5. Bc4 0-0 6. 0-0 c6 7. h3 b5 8. Bd3 b4 9. Ne2 a5 10. a3 Bb7 11. axb4 axb4 12. Rxa8 Bxa8 13. Be3 Nbd7 14. Ng3 c5 15. d5 Bb7 16. c4 Qa5 17. b3 Ra8 18. Bc2 Ne8 19. Bg5 Kf8 20. Qc1 Qa1 21. Bh6 Qxc1 22. Bxg7+ Kxg7 23. Rxc1 Ra2 24. Ne1 e5 25. f3 Ndf6 26. Nd3 Bc8 27. Kf2 Kh6 28. Ke3 Nh5 29. Nxh5 Kxh5 30. f4 exf4+ 31. Nxf4+ Kh6 32. Nd3 f6 33. Kd2 Kg7 34. g4 Nc7 35. Rf1 Na6 36. Kc1 h6 37. Kb1 Ra3 38. Kb2 Nb8 39. Bd1 Nd7 40. h4 g5 41. h5 Ra7 42. Bf3 Nb6 43. Ra1 Rxa1 44. Kxa1 Ba6 45. Nb2 Kf7 46. Kb1 Ke7 47. Kc2 Nd7 48. Nd3 Kd8 49. Bd1 Kc7 50. Kc1 Kb6 51. Kb2 Ka5 52. Ka2 Nb6 53. Nb2 Nd7 54. Nd3 Bc8 55. Be2 Kb6 56. Kb2 Kc7 57. Kc2 Kd8 58. Kd2 Ke7 59. Ke3 Ba6 60. Bd1 Ne5 61. Nxe5 fxe5 62. Be2 Kd8 63. Kd3 Bc8 64. Bf3 Kc7 65. Bd1 Bd7 66. Kc2 1/2-1/2

[Event "Fredericia Foraar B"]
[Site "Fredericia"]
[Date "2012.05.21"]
[Round "4"]
[White "Jensen, Henning Brogger"]
[Black "Marcussen, Johnni A"]
[Result "1-0"]
[WhiteElo "1816"]
[BlackElo "1906"]
[PlyCount "49"]
[EventDate "2012.04.30"]
[EventType "tourn"]
[EventRounds "5"]
[EventCountry "DEN"]
[SourceTitle "EXT 2023"]
[Source "ChessBase"]
[SourceDate "2022.10.05"]
[SourceVersion "1"]
[SourceVersionDate "2022.10.05"]
[SourceQuality "1"]

1. e4 e5 2. Nf3 Nc6 3. Bb5 a6 4. Ba4 Nf6 5. d4 b5 6. Bb3 Nxd4 7. Nxd4 exd4 8. e5 Qe7 9. 0-0 Ne4 10. Bd5 Nxf2 11. Rxf2 Rb8 12. Bxf7+ Kd8 13. Qxd4 c5 14. Qf4 h6 15. e6 Rb6 16. Nc3 dxe6 17. Rd2+ Bd7 18. Bg6 b4 19. Ne4 e5 20. Qg3 Qe6 21. Bh5 Qf5 22. Bg4 Qxe4 23. Rxd7+ Ke8 24. Qh4 Rf6 25. Bh5+ 1-0

[Event "Fredericia Foraar B"]
[Site "Fredericia"]
[Date "2012.04.30"]
[Round "1"]
[White "Lorentzen, Brian"]
[Black "Jensen, Henning Brogger"]
[Result "0-1"]
[WhiteElo "1761"]
[BlackElo "1816"]
[PlyCount "124"]
[EventDate "2012.04.30"]
[EventType "tourn"]
[EventRounds "5"]
[EventCountry "DEN"]
[SourceTitle "EXT 2023"]
[Source "ChessBase"]
[SourceDate "2022.10.05"]
[SourceVersion "1"]
[SourceVersionDate "2022.10.05"]
[SourceQuality "1"]

1. b3 d5 2. Bb2 Nf6 3. Nf3 Bg4 4. e3 e6 5. Be2 Bd6 6. d4 0-0 7. Nbd2 Nbd7 8. 0-0 c6 9. c4 Re8 10. Re1 Rc8 11. Ne5 Bxe2 12. Qxe2 Bb4 13. Red1 Nxe5 14. dxe5 Nd7 15. Nf3 Qc7 16. Rac1 Bf8 17. Qd3 Nc5 18. Qc2 h6 19. Nd2 Nd7 20. f4 Bc5 21. Bd4 Ba3 22. Bb2 Qa5 23. Bxa3 Qxa3 24. Nb1 Qa6 25. e4 Nb6 26. c5 Nd7 27. Rd2 b6 28. cxb6 axb6 29. Qd3 Qxd3 30. Rxd3 Nc5 31. Rdc3 dxe4 32. Nd2 Red8 33. Nc4 Nd3 34. Rf1 Ra8 35. Nxb6 Rxa2 36. Rxc6 e3 37. Rd6 Rxd6 38. exd6 Kf8 39. Nd7+ Ke8 40. Ne5 e2 41. Nxd3 exf1Q+ 42. Kxf1 Rd2 43. d7+ Kxd7 44. Ne5+ Ke8 45. b4 Rd4 46. g3 Rxb4 47. h3 Rb2 48. Nd3 Rd2 49. Nf2 Ke7 50. Kg2 f6 51. Kf3 Rxf2+ 52. Kxf2 Kd6 53. Ke3 Kd5 54. Kd3 e5 55. fxe5 fxe5 56. Ke3 e4 57. Ke2 Kd4 58. Kd2 e3+ 59. Ke2 Ke4 60. g4 g5 61. Ke1 Kf3 62. Kf1 Kg3 0-1

[Event "Politiken Cup 12th"]
[Site "Copenhagen"]
[Date "1990.06.30"]
[Round "10"]
[White "Jensen, Henning Brogger"]
[Black "Hansen, Lars Henrik Bech"]
[Result "1-0"]
[WhiteElo "2084"]
[BlackElo "2025"]
[PlyCount "81"]
[EventDate "1990.06.20"]
[EventType "swiss"]
[EventRounds "10"]
[EventCountry "DEN"]
[SourceTitle "EXT 2000"]
[Source "ChessBase"]
[SourceDate "1999.11.16"]
[SourceVersion "1"]
[SourceVersionDate "1999.11.16"]
[SourceQuality "1"]

1. e4 d6 2. d4 Nf6 3. Nc3 g6 4. f4 Bg7 5. Nf3 c5 6. dxc5 Qa5 7. Bd3 Qxc5 8. Qe2 0-0 9. Be3 Qa5 10. 0-0 Nc6 11. a3 Bg4 12. h3 Bxf3 13. Qxf3 Nd7 14. Bd2 Qb6+ 15. Kh1 Nc5 16. Nd5 Qd8 17. Bc3 Nd4 18. Qf2 Nxd3 19. cxd3 Ne6 20. Rac1 Nc5 21. Bxg7 Kxg7 22. b4 Nd7 23. Qb2+ Kg8 24. f5 Nb6 25. Ne3 Rc8 26. Rxc8 Qxc8 27. f6 e6 28. Qd2 Nd7 29. Ng4 Kh8 30. d4 Qd8 31. e5 dxe5 32. dxe5 Nb6 33. Qh6 Rg8 34. Rc1 Nd5 35. Qd2 Qd7 36. Rd1 Qc7 37. Rc1 Qd7 38. Qc2 Nf4 39. Nh6 Nd3 40. Qxd3 Qxd3 41. Nxf7# 1-0